00343nam a2200121Ia 4500008004000000082001900040100002400059245006600083250000500149260003700154300000800191650002200199210210b1987 xxu||||| |||| 00| 0 eng d a796.35865 MENR aMENON (Mohandas K). aReliance book of one-day international cricket records. Ed 1. a aBombay.bKeep Busy Books.,c1987 a188 aCricket Records